01126nam a2200193Ia 4500001001100000003001000011008004100021040002500062041001300087100004400100245004200144250001100186260005700197300001200254500026000266501011400526520026000640650003200900L830-34042IT-CnALBA170116s9999||||xx |||||||||||||| ||und|| aIT-CnALBAcIT-CnALBA aITALIANO aNOVALIS FEDERICO, VON HARDENBERG FRIED. 0aNOVALIS, (FRIEDRICH VON HARDENBERG).  a2a ed. aMILANObGARZANTI ALDO EDITORE c1947 [1° Ed.: n.d.] a281 p.  aTRADUZIONE DAL TEDESCO DI G.A. ALFERO E VINCENZO ERRANTE. GUIDA BIBLIOGRAFICA. INNI ALLA NOTTE. CANTI SPIRITUALI. I DISCEPOLI DI SAIS. ENRICO DI OFTERDINGEN. LA CRISTIANITA' O L'EUROPA. DALLE LETTERE, DAL DIARIO, DAI FRAMMENTI. CONFRONTA DOCUMENTO 30000 ( aSocietà San Paolo EM - Piazza San Paolo, 14 - 12051 ALBA (CN) (non commercial uses only) ® Copyright 2017 aTRADUZIONE DAL TEDESCO DI G.A. ALFERO E VINCENZO ERRANTE. GUIDA BIBLIOGRAFICA. INNI ALLA NOTTE. CANTI SPIRITUALI. I DISCEPOLI DI SAIS. ENRICO DI OFTERDINGEN. LA CRISTIANITA' O L'EUROPA. DALLE LETTERE, DAL DIARIO, DAI FRAMMENTI. CONFRONTA DOCUMENTO 30000 ( aLETTERATURA TEDESCA E ALTRE